000 00566nam a2200181Ia 4500
008 090630s9999 xx 000 0 und d
082 _b20512
100 _aखैरनार गो. रा.
245 _aएकाकी झंुज.
_cखैरनार गो. रा.
260 _bपुष्प.
_c1998
300 _a288
600 _aखैरनार गो. रा.
630 _aएकाकी झंुज.
655 _aइतर.
700 _aखैरनार गो. रा.
730 _aएकाकी झंुज.
942 _cBOOK
999 _c272368
_d272368